| 000 | 00566nam a2200205 a 4500 | ||
|---|---|---|---|
| 999 |
_c4994 _d4994 |
||
| 005 | 20200528144709.0 | ||
| 008 | 140318b2000 -Uk||||| |||| 00| 0 eng d | ||
| 040 |
_aCO-BoIAVH _cCO-BoIAVH |
||
| 041 | _aeng | ||
| 082 | _a576.8809 | ||
| 090 |
_aLB _b04390 |
||
| 100 |
_aAvise, John C. _97374 |
||
| 245 |
_aPhylogeography _bthe history and formation of species |
||
| 260 |
_aCambridge _bHarvard University Press _c2000 |
||
| 300 | _a447 p. | ||
| 650 |
_aFilogeografía _9103197 |
||
| 650 |
_ahistoria de especies _9103198 |
||
| 942 |
_cLIBRO _2z |
||
| 945 | _d2005-12-21 | ||